000
00300nam a22001217a 4500
008
160504b xxu||||| |||| 00| 0 eng d
020
_a
9781581101942
020
_a
1581101945
041
_a
eng
080
_a
61
245
_a
Red book:
_c
Karry K. Baker; Carol J. Baker; Sarah S. Long;
942
_2
udc
_c
BK
999
_c
1764
_d
1764